| 000 | 00763nam a22002057a 4500 | ||
|---|---|---|---|
| 003 | MX-MxUPN | ||
| 005 | 20240919063954.0 | ||
| 008 | 240213s1984 mx| ||||r|||| 000 0 spa d | ||
| 040 |
_aMX-MxUPN _bspa |
||
| 050 | 4 |
_aJL1298 R4 _bD63 1984 |
|
| 110 | 2 |
_aPartido Revolucionario Institucional (México) _96042 |
|
| 245 | 1 | 0 | _aDocumentos básicos |
| 260 |
_aMéxico, D.F. : _bPartido Revolucionario Institucional, Comité Ejecutivo Nacional , _c1984 |
||
| 300 | _a247 páginas | ||
| 505 |
_tDeclaración de principios. -- _tPrograma de acción. -- _tEstatutos. |
||
| 610 | 2 | 4 |
_aPartido Revolucionario Institucional (México) _96042 |
| 650 | 4 |
_aOrganización de partidos políticos _zMéxico _926237 |
|
| 902 | _bVíctorGodínez/130224 | ||
| 942 |
_2lcc _cLIBRO |
||
| 999 |
_c210979 _d210979 |
||